000 00655cam a22002411a 4500
001 sa 68002480
003 DLC
005 20260227112443.0
008 950208s1967 ii 000 1 malo
010 _asa 68002480
025 _aPL480:I-Mal-1012
035 _a(OCoLC)31955779
040 _aDLC
_cCU
_dCU
_dWaU
_dDLC
042 _apremarc
050 0 0 _aPL4718.9.S57
_bC8
100 1 _aŚivaśaṅkarapiḷḷa, Takal̲i,
_d1912-1999.
245 1 0 _aCukkȧ.
246 1 _iTitle on t.p. verso:
_aCukku
260 _a[Kottayam :
_bSahitya Pravarthaka Co-operative,
_c1967]
300 _a186 p. ;
_c19 cm.
500 _aNovel.
546 _aIn Malayalam.
999 _c78755
_d78755